[Event "Less Trivial Norm - 2nd edition"]
[Site "SchemingMind.com"]
[Date "2007.09.25"]
[Round "-"]
[White "Konan_Kaddosh"]
[Black "Lazaro"]
[Result "1-0"]
[WhiteCountry "ITA"]
[BlackCountry "CUB"]
[WhiteElo "2444"]
[WhiteRD "56"]
[BlackElo "1874"]
[BlackRD "51"]
[GameID "121837"]

1. e4 c5 2. Nf3 Nc6 3. d4 cxd4 4. Nxd4 Nf6 5. Nc3 e5 6. Ndb5 d6 7. Nd5 Nxd5 8. exd5 Nb8 9. c4 Be7 10. Be2 O-O
11. O-O Nd7 12. Be3 a6 13. Nc3 f5 14. f3 f4 15. Bf2 Rf6 16. b4 Rh6 17. h3 Qe8 18. Re1 Qh5 19. Bf1 Rg6 20. Bd3 Rh6
21. Kf1 Bh4= 22. Bxh4 Qxh4 23. Ne4 Nf6 24. Qd2 Nxe4 25. Bxe4 a5 26. a3 b6 27. Qf2 Qd8 28. Rac1 axb4 29. axb4 Ra4 30. c5 Rxb4
31. c6 Rb5 32. Ra1 Rf6 33. Ra7 Rf8 34. Qc2 h6 35. Rea1 Kh8 36. Ra8 Qf6 37. Qd3 Rc5 38. Qb1 Ra5 39. Qxb6 Rxa1+ 40. Rxa1
1-0

[Event "Less Trivial Norm - 2nd edition"]
[Site "SchemingMind.com"]
[Date "2007.09.28"]
[Round "-"]
[White "swashbuckler"]
[Black "BigDoggProblem"]
[Result "1/2-1/2"]
[WhiteCountry "GBR"]
[BlackCountry "USA"]
[WhiteElo "2014"]
[WhiteRD "74"]
[BlackElo "2063"]
[BlackRD "97"]
[GameID "121884"]

1. f4 d5 2. b3 Nf6 3. e3 g6 4. Bb2 Bg7 5. Nf3 O-O 6. Be2 c5 7. O-O Nc6 8. Ne5 Qc7 9. Nc3 a6 10. Nxc6 Qxc6
11. Bf3 e6 12. Ne2 Bd7 13. c4 Rac8 14. g4 b5 15. g5 Ne4 16. Bxg7 Kxg7 17. d3 Nd6 18. Ng3 Rh8 19. a4 b4 20. Qe2 Qb7
21. Qb2+ Kg8 22. h4 h5 23. gxh6 Rxh6 24. h5 Bc6 25. cxd5 exd5 26. Qe5 Qd7 27. Qg5 Kg7 28. Bxd5 Nf5 29. Nxf5+ Qxf5 30. Qxf5=
1/2-1/2

[Event "Less Trivial Norm - 2nd edition"]
[Site "SchemingMind.com"]
[Date "2007.09.26"]
[Round "-"]
[White "swashbuckler"]
[Black "e_castle3"]
[Result "1-0"]
[WhiteCountry "GBR"]
[BlackCountry "PHI"]
[WhiteElo "1977"]
[WhiteRD "72"]
[BlackElo "1789"]
[BlackRD "69"]
[GameID "121885"]

1. f4 d5 2. b3 Bf5 3. e3 e6 4. Bb2 Nf6 5. Nf3 Be7 6. Be2 O-O 7. O-O h6 8. h3 Nbd7 9. d3 c5 10. g4 Bh7
11. Nbd2 Qb6 12. c4 a5 13. Ne5 a4 14. g5 hxg5 15. fxg5 a3 16. gxf6 axb2 17. fxe7 bxa1=Q 18. exf8=Q+ Rxf8 19. Qxa1 Qd6 20. Ndf3 f6
21. Nxd7 Qxd7 22. Nh2 Qd6 23. Qe1 Qe5 24. Qf2 f5 25. d4 cxd4 26. exd4 Qf6 27. Qf4 g5 28. Qe5 Qh6 29. cxd5 exd5 30. Qxd5+ Kh8
31. Qe5+ Kg8 32. Bc4+
1-0

[Event "Less Trivial Norm - 2nd edition"]
[Site "SchemingMind.com"]
[Date "2007.09.24"]
[Round "-"]
[White "swashbuckler"]
[Black "Brendan Joseph Birt"]
[Result "0-1"]
[WhiteCountry "GBR"]
[BlackCountry "USA"]
[WhiteElo "1977"]
[WhiteRD "72"]
[BlackElo "1862"]
[BlackRD "94"]
[GameID "121886"]

1. f4 g6 2. Nf3 d5 3. e3 Bg7 4. Be2 Nh6 5. O-O O-O 6. Qe1 Nd7 7. d3 e5 8. e4 dxe4 9. dxe4 exf4 10. Nc3 Nc5
11. Bxf4 c6 12. h3 Ne6 13. Be3 Kh8 14. Rd1 Qa5 15. Qh4 Ng8 16. e5 Qc7 17. Rd6 Ne7 18. Ng5 Nxg5 19. Bxg5 Nf5 20. Qf4 Nxd6
21. exd6 Qb6+ 22. Kh1 Qd4 23. Qxd4 Bxd4 24. Rd1 Bxc3 25. bxc3 Bd7 26. Bf6+ Kg8 27. Bg4 Bxg4 28. hxg4 Rfd8 29. Bxd8 Rxd8 30. c4 b6
31. a4 f6
0-1

[Event "Less Trivial Norm - 2nd edition"]
[Site "SchemingMind.com"]
[Date "2007.09.24"]
[Round "-"]
[White "swashbuckler"]
[Black "Netferatu"]
[Result "0-1"]
[WhiteCountry "GBR"]
[BlackCountry "ARG"]
[WhiteElo "1977"]
[WhiteRD "72"]
[BlackElo "2131"]
[BlackRD "79"]
[GameID "121887"]

1. f4 d5 2. b3 Nc6 3. Bb2 Bf5 4. Nf3 Qd6 5. e3 O-O-O 6. Be2 h5 7. Nc3 h4 8. Nb5 Qg6 9. Ne5 Nxe5 10. Bxe5 a6
11. Nxc7 f6
0-1

[Event "Less Trivial Norm - 2nd edition"]
[Site "SchemingMind.com"]
[Date "2007.09.28"]
[Round "-"]
[White "swashbuckler"]
[Black "calidore"]
[Result "1/2-1/2"]
[WhiteCountry "GBR"]
[BlackCountry "ISR"]
[WhiteElo "1977"]
[WhiteRD "72"]
[BlackElo "1871"]
[BlackRD "59"]
[GameID "121888"]

1. f4 e5 2. e4 d5 3. exd5 e4 4. d3 Nf6 5. dxe4 Nxe4 6. Nf3 Bc5 7. Qe2 Bf2+ 8. Kd1 Qxd5+ 9. Nfd2 f5 10. Nc3 Qd4
11. Nxe4 fxe4 12. c3 Qe3 13. Nxe4 Qxe2+ 14. Bxe2 Bb6 15. Bf3 O-O 16. g3 Nc6 17. Re1 Bf5 18. Be3 Rad8+ 19. Kc2 Rfe8 20. Bxb6 axb6
21. Rad1 Ra8 22. a3 Ra4 23. Kb3 Raxe4 24. Bxe4 Rxe4 25. Rxe4 Bxe4=
1/2-1/2

[Event "Less Trivial Norm - 2nd edition"]
[Site "SchemingMind.com"]
[Date "2007.09.23"]
[Round "-"]
[White "swashbuckler"]
[Black "Vaidotas"]
[Result "0-1"]
[WhiteCountry "GBR"]
[BlackCountry "LTU"]
[WhiteElo "1977"]
[WhiteRD "72"]
[BlackElo "1954"]
[BlackRD "77"]
[GameID "121889"]

1. f4 g6 2. Nf3 Bg7 3. e4 d6 4. d4 Bg4 5. Bc4 Bxf3 6. Qxf3 Bxd4 7. f5 Nf6 8. fxg6 hxg6 9. c3 Be5 10. g4 e6
11. g5 Nh5 12. Rf1 O-O 13. Be3 Bxh2 14. Rh1 Be5 15. Rxh5 gxh5 16. Nd2 Kg7 17. O-O-O Nd7 18. Bb3 Rh8 19. Rh1 b5 20. Qf2 Qe7
21. Nf3 b4 22. cxb4 Rab8 23. Nd4 Rb6 24. Rf1 c5 25. Nc2 h4 26. bxc5 dxc5 27. Na3 h3 28. Nc4 h2 29. Rh1 Bd6 30. Nxb6 axb6
31. Ba4 Ne5 32. Qe2 Ng6 33. Qb5 Rh3 34. Bd2 Qc7 35. Qf1 Rh7 36. Bc2 Be5 37. Qf3 b5 38. Bc3 b4 39. Bxe5+ Qxe5 40. Rf1 Qxg5+
41. Kb1 Ne5 42. Qf2 Qh4 43. Qg2+ Kf8 44. Rh1 Rg7 45. Qf1 Qg3
0-1

[Event "Less Trivial Norm - 2nd edition"]
[Site "SchemingMind.com"]
[Date "2007.09.23"]
[Round "-"]
[White "swashbuckler"]
[Black "Lazaro"]
[Result "1/2-1/2"]
[WhiteCountry "GBR"]
[BlackCountry "CUB"]
[WhiteElo "1982"]
[WhiteRD "74"]
[BlackElo "1874"]
[BlackRD "51"]
[GameID "121890"]

1. f4 d5 2. b3 Bf5 3. Bb2 Nf6 4. e3 Nbd7 5. Nf3 e6 6. Be2 Bd6 7. O-O O-O 8. h3 h6 9. g4 Bh7 10. d3 c6
11. Nbd2 Qb6 12. d4 c5 13. c4 cxd4 14. Bxd4 Bc5 15. a3 Ne4 16. Nxe4 dxe4 17. Ne1 Rad8 18. b4 Bxd4 19. Qxd4 Qxd4 20. exd4 f5
21. Nc2 Nb6 22. Rad1 Na4 23. Rd2 Nc3 24. gxf5 exf5 25. Kh2 e3 26. Nxe3 Nxe2 27. Rxe2 Rxd4 28. Nd5 Rxc4 29. Re7 Rf7 30. Re8+=
1/2-1/2

[Event "Less Trivial Norm - 2nd edition"]
[Site "SchemingMind.com"]
[Date "2007.09.24"]
[Round "-"]
[White "swashbuckler"]
[Black "Konan_Kaddosh"]
[Result "0-1"]
[WhiteCountry "GBR"]
[BlackCountry "ITA"]
[WhiteElo "1977"]
[WhiteRD "72"]
[BlackElo "2415"]
[BlackRD "58"]
[GameID "121891"]

1. f4 d5 2. b3 Nf6 3. Bb2 c5 4. e3 Nc6 5. Bb5 Bd7 6. Nf3 e6 7. O-O Bd6 8. d3 Ng4 9. Qe2 O-O 10. h3 Nh6
11. g4 a6 12. Bxc6 Bxc6 13. Ne5 Be8 14. g5 Nf5 15. Qf2 Bxe5 16. Bxe5 d4 17. exd4 cxd4 18. Nd2 f6 19. gxf6 gxf6 20. Bxf6 Rxf6
21. Ne4 Rg6+ 22. Kh2 Rc8 23. Rg1 Qh4 24. Rxg6+ Bxg6 25. Qg2 Ne3
0-1

[Event "Less Trivial Norm - 2nd edition"]
[Site "SchemingMind.com"]
[Date "2007.09.28"]
[Round "-"]
[White "BigDoggProblem"]
[Black "swashbuckler"]
[Result "1-0"]
[WhiteCountry "USA"]
[BlackCountry "GBR"]
[WhiteElo "2093"]
[WhiteRD "117"]
[BlackElo "1977"]
[BlackRD "72"]
[GameID "121892"]

1. e4 d5 2. exd5 Nf6 3. d4 Bg4 4. Be2 Bxe2 5. Qxe2 Qxd5 6. Nf3 e6 7. c4 Qf5 8. O-O Be7 9. Nc3 O-O 10. Ne5 h6
11. g4 Qh7 12. h4 Nc6 13. Nxc6 bxc6 14. Kg2 Qg6 15. g5 Nh5 16. f4 f6 17. Qxe6+ Rf7 18. f5
1-0

[Event "Less Trivial Norm - 2nd edition"]
[Site "SchemingMind.com"]
[Date "2007.09.26"]
[Round "-"]
[White "e_castle3"]
[Black "swashbuckler"]
[Result "0-1"]
[WhiteCountry "PHI"]
[BlackCountry "GBR"]
[WhiteElo "1783"]
[WhiteRD "70"]
[BlackElo "2014"]
[BlackRD "74"]
[GameID "121893"]

1. e4 d5 2. exd5 Nf6 3. Nf3 Qxd5 4. Nc3 Qa5 5. Be2 Bf5 6. O-O e6 7. d3 c6 8. Bd2 Qc7 9. Re1 Bd6 10. h3 Nbd7
11. Bf1 h6 12. Ne4 Bxe4 13. dxe4 O-O-O 14. c4 Ne5 15. Nxe5 Bxe5 16. Qc2 Rhg8 17. Be3 Bd4 18. Rad1 Qe5 19. Bxd4 Rxd4 20. Rxd4 Qxd4
21. e5 Nd7 22. Re4 Qc5 23. Qc3 Rd8 24. b4 Qe7 25. Qa3 Kb8 26. c5 Nf8 27. b5 cxb5 28. Bxb5 Nd7 29. Rc4 Nxe5 30. Qg3 Qc7
31. Rc1 Ng6 32. Qc3 Qe5 33. Qb3 Qg5 34. Rb1 Qxc5 35. Ba6 b6 36. Qf3 Rd7 37. Rb3 Qc1+ 38. Kh2 Qf4+ 39. Qxf4+ Nxf4 40. Rc3 Rc7
41. Rf3 Nd5 42. Bb5 Nc3 43. Be8 f6 44. a3 e5 45. Kg3 Ne2+ 46. Kg4 Rc4+ 47. Kh5 Nf4+ 48. Rxf4 Rxf4 49. f3 e4 50. fxe4 Rxe4
51. Bc6 Re3 52. a4 Kc7 53. Bb5 Rg3 54. Bf1 Kd6 55. Kh4 Re3 56. g4 g6 57. Bb5 Kc5 58. Bf1 Kb4 59. Bb5 Ka5 60. Bd7 a6
61. Bc6 b5 62. axb5 axb5 63. Bd5 b4 64. Bf7 g5+ 65. Kh5 Rxh3+ 66. Kg6 b3 67. Kxf6 b2 68. Ba2 Kb4 69. Bb1 Kc3 70. Bf5 Kd2
71. Kg6 Kc1
0-1

[Event "Less Trivial Norm - 2nd edition"]
[Site "SchemingMind.com"]
[Date "2007.09.24"]
[Round "-"]
[White "Brendan Joseph Birt"]
[Black "swashbuckler"]
[Result "0-1"]
[WhiteCountry "USA"]
[BlackCountry "GBR"]
[WhiteElo "1862"]
[WhiteRD "94"]
[BlackElo "1977"]
[BlackRD "72"]
[GameID "121894"]

1. e4 d5 2. exd5 Nf6 3. d4 Bg4 4. Be2 Bxe2 5. Qxe2 Qxd5 6. Nf3 e6 7. O-O Nc6 8. Be3 O-O-O 9. c4 Qh5 10. Nc3 Rg8
11. a3 g5 12. Nxg5 Rxg5 13. Bxg5 Qxg5 14. Qe3 Qh5 15. h3 Bh6 16. Qe2 Qg6 17. d5 Rg8 18. g3 Nd4 19. Qd1 Nc2 20. b4 Nxa1
21. Qxa1 Nh5 22. g4 Qd3 23. Kh2 Nf4 24. f3 Qd2+
0-1

[Event "Less Trivial Norm - 2nd edition"]
[Site "SchemingMind.com"]
[Date "2007.09.26"]
[Round "-"]
[White "Netferatu"]
[Black "swashbuckler"]
[Result "1-0"]
[WhiteCountry "ARG"]
[BlackCountry "GBR"]
[WhiteElo "2174"]
[WhiteRD "78"]
[BlackElo "1982"]
[BlackRD "74"]
[GameID "121895"]

1. d4 d5 2. c4 dxc4 3. Nc3 Nf6 4. e4 e5 5. Nf3 exd4 6. Nxd4 Bc5 7. Be3 Ng4 8. Ne6 Qxd1+ 9. Rxd1 Bxe6 10. Bxc5 Nd7
11. Bd4 O-O-O 12. h3 Ngf6 13. f4 Rhe8 14. Be2 c5 15. Bf2 g6 16. g4 Nb8 17. Rxd8+ Rxd8 18. Rf1 b6 19. f5 gxf5 20. gxf5 Bd7
21. Bh4
1-0

[Event "Less Trivial Norm - 2nd edition"]
[Site "SchemingMind.com"]
[Date "2007.09.28"]
[Round "-"]
[White "calidore"]
[Black "swashbuckler"]
[Result "1/2-1/2"]
[WhiteCountry "ISR"]
[BlackCountry "GBR"]
[WhiteElo "1871"]
[WhiteRD "59"]
[BlackElo "1977"]
[BlackRD "72"]
[GameID "121896"]

1. e4 d5 2. exd5 Nf6 3. Nc3 Nxd5 4. Bc4 Nb6 5. Bb3 Nc6 6. Qf3 e6 7. Nge2 Be7 8. d3 a5 9. a4 O-O 10. O-O Nd7
11. Bf4 e5 12. Be3 Nc5 13. Bd5 Nb4 14. Rfc1 c6 15. Bc4 Ne6 16. Ng3 c5 17. Nd5 Nxd5 18. Bxd5 Ng5 19. Bxg5 Bxg5 20. Re1=
1/2-1/2

[Event "Less Trivial Norm - 2nd edition"]
[Site "SchemingMind.com"]
[Date "2007.09.23"]
[Round "-"]
[White "Vaidotas"]
[Black "swashbuckler"]
[Result "0-1"]
[WhiteCountry "LTU"]
[BlackCountry "GBR"]
[WhiteElo "1948"]
[WhiteRD "81"]
[BlackElo "2015"]
[BlackRD "79"]
[GameID "121897"]

1. e4 d5 2. exd5 Nf6 3. Nc3 Nxd5 4. Nf3 Bg4 5. Be2 c6 6. h3 Bh5 7. d3 e6 8. O-O Qc7 9. Ne4 Nd7 10. Nd4 Bxe2
11. Nxe2 N7f6 12. Nxf6+ gxf6 13. c4 Nb6 14. a4 O-O-O 15. a5 Nxc4 16. Qa4 Ne5 17. d4 Ng6 18. Be3 a6 19. b4 Rg8 20. Rfc1 Nh4
21. g3 Bd6 22. Qc2 Nf5 23. b5 Nxe3 24. fxe3 Bxg3 25. bxc6 Qxc6 26. Qd3 Bc7+ 27. Kf2 Rg2+ 28. Ke1 Qf3 29. Qc4 Rd7 30. Ra2 Qxe3
31. Kd1 Rxd4+
0-1

[Event "Less Trivial Norm - 2nd edition"]
[Site "SchemingMind.com"]
[Date "2007.09.24"]
[Round "-"]
[White "Lazaro"]
[Black "swashbuckler"]
[Result "0-1"]
[WhiteCountry "CUB"]
[BlackCountry "GBR"]
[WhiteElo "1900"]
[WhiteRD "58"]
[BlackElo "1977"]
[BlackRD "72"]
[GameID "121898"]

1. d4 d5 2. c4 dxc4 3. e3 e5 4. Bxc4 Nc6 5. Nf3 e4 6. Nfd2 Qg5 7. g3 Nf6 8. Qb3 Qg6 9. Nc3 Bd6 10. Nb5 O-O
11. Nxd6 cxd6 12. Bd5 Nxd5 13. Qxd5 Nb4 14. Qb3 Nd3+ 15. Kf1 Bh3+ 16. Ke2 Qf5 17. f4 Qg4+
0-1

[Event "Less Trivial Norm - 2nd edition"]
[Site "SchemingMind.com"]
[Date "2007.09.24"]
[Round "-"]
[White "Konan_Kaddosh"]
[Black "swashbuckler"]
[Result "1-0"]
[WhiteCountry "ITA"]
[BlackCountry "GBR"]
[WhiteElo "2415"]
[WhiteRD "58"]
[BlackElo "1977"]
[BlackRD "72"]
[GameID "121899"]

1. e4 d5 2. exd5 Nf6 3. d4 Bg4 4. Bb5+ Nbd7 5. f3 Bf5 6. Nc3 a6 7. Ba4 b5 8. Bb3 Nb6 9. Nge2 Nbxd5 10. O-O Nxc3
11. Nxc3 e6 12. a4 b4 13. Ne2 c5 14. a5 cxd4 15. Ba4+ Nd7 16. Nxd4 Bc5 17. Kh1 Bg6 18. Nb3 Ba7 19. Qe2 Qc8 20. Rd1
1-0